000 03087cam a2200349 4500500
005 20251228045515.0
041 _afre
042 _adc
100 1 0 _aKoskas, Pierre
_eauthor
700 1 0 _aDelpierre, Sandrine
_eauthor
700 1 0 _aSebbagh-Eczet, Mélanie
_eauthor
700 1 0 _aBonnet-Zamponi, Dominique
_eauthor
700 1 0 _aBuzzi, Jean-Claude
_eauthor
700 1 0 _aRaynaud-Simon, Agathe
_eauthor
245 0 0 _aQuelle est la place d’un hôpital de jour de suivi gériatrique au sein des structures développées par le Plan Alzheimer 2008/2012 ?
260 _c2016.
500 _a16
520 _aLe Plan Alzheimer 2008/2012 avait comme but d’améliorer le soutien apporté aux patients âgés et à leurs familles. Objectif : Décrire la typologie des patients, pris en charge dans un hôpital gériatrique de jour de suivi, entre 2008 et 2012. Méthodes : Programme de médicalisation des systèmes d’information centré sur le nombre de maladies associées et plusieurs indicateurs spécifiques. Résultats : Le nombre de patients a augmenté entre 2008 (109) et 2009 (293) puis est resté stable (environ 300). Les différences entre 2008 et les années suivantes ont été statistiquement significatives pour le nombre de maladies associées (p < 0,001) et le nombre de jours / patients (p < 0,01), mais pas pour la période 2009-2012. Conclusion : Les variations des indicateurs semblent être liées au développement des nouvelles structures et à un changement dans l’organisation des réseaux gérontologiques.
520 _aWhat is the place of a geriatric follow-up ambulatory care unit in the structures developed by the 2008/2012 Alzheimer Plan? The French 2008/2012 Alzheimer Plan is designed to improve the support given to elderly patients and their families. Objective: To describe the typology of the patients managed in a Geriatric multidimensional rehabilitation ambulatory care unit between 2008 and 2012. Methods: Programme de médicalisation des systèmes d’information database concerning the number of concomitant diseases and several specific indicators. Results: The number of patients increased between 2008 (109) and 2009 (293) but then remained stable (about 300). The differences between 2008 and subsequent years were statically significant for the number of concomitant diseases (p < 0.001) and the number of days/patients (p < 0.01), but not for 2009-2012. Conclusion: The variations seem to be related to implementation of the Alzheimer Plan and a change in the organization of French gerontology health networks.
690 _adémence
690 _ahôpital de jour gériatrique
690 _aPlan Alzheimer
690 _asoins de jour
690 _asujet âgé
690 _aaged
690 _aAlzheimer plan
690 _aday care
690 _adementia
690 _ageriatric day hospital
786 0 _nSanté Publique | 28 | 2 | 2016-06-01 | p. 207-211 | 0995-3914
856 4 1 _uhttps://stm.cairn.info/revue-sante-publique-2016-2-page-207?lang=fr&redirect-ssocas=7080
999 _c1578710
_d1578710